书目信息 |
| 题名: |
君主论
|
|
| 作者: | 马基雅维利 著 | |
| 分册: | ||
| 出版信息: | 南昌 江西教育出版社 2014.01 |
|
| 页数: | 103页 | |
| 开本: | 23cm | |
| 丛书名: | 了如指掌 | |
| 单 册: | ||
| 中图分类: | D033.2 | |
| 科图分类: | ||
| 主题词: | 君主制--研究 , 君主制 | |
| 电子资源: | ||
| ISBN: | 978-7-5392-7270-2 | |
| 000 | 01011oam2 2200289 450 | |
| 001 | 0120141263033 | |
| 005 | 20160614145947.71 | |
| 010 | @a978-7-5392-7270-2@dCNY13.80 | |
| 100 | @a20140327d2014 em y0chiy0110 ea | |
| 101 | 0 | @achi |
| 102 | @aCN@b360000 | |
| 105 | @ay z 000yy | |
| 106 | @ar | |
| 200 | 1 | @a君主论@9jun zhu lun@dThe prince@f(意)尼科洛·马基雅维利(Niccolò Machiavelli)著@zeng |
| 210 | @a南昌@c江西教育出版社@d2014.01 | |
| 215 | @a103页@d23cm | |
| 225 | 2 | @a了如指掌@i西学正典@v126 |
| 330 | @a本书共分为二十六章,主要内容包括:君主国有几种?它们是用什么方式获得的、论世袭君主国、论混合式君主国、为什么亚历山大大帝所征服的大流士王国在他死后没有背叛其后继者等。 | |
| 333 | @a一般读者 | |
| 462 | 0 | @12001 @a西学正典@v126 |
| 510 | 1 | @aPrince@zeng |
| 606 | 0 | @a君主制@x研究 |
| 606 | 0 | @a君主制 |
| 690 | @aD033.2@v5 | |
| 701 | 0 | @c(意)@a马基雅维利@9ma ji ya wei li@c(Machiavelli, Niccolò@f1469-1527)@4著 |
| 801 | 0 | @aCN@b人天书店@c20140327 |
| 905 | @b879784-89@dD033.2@e127@f6 | |
| 君主论=The prince/(意)尼科洛·马基雅维利(Niccolò Machiavelli)著.-南昌:江西教育出版社,2014.01 |
| 103页;23cm.-(了如指掌.西学正典;126) |
| 使用对象:一般读者 |
| ISBN 978-7-5392-7270-2:CNY13.80 |
| 本书共分为二十六章,主要内容包括:君主国有几种?它们是用什么方式获得的、论世袭君主国、论混合式君主国、为什么亚历山大大帝所征服的大流士王国在他死后没有背叛其后继者等。 |
| ● |
| 相关链接 |
|
|
|
|
正题名:君主论
索取号:D033.2/127
 
预约/预借
| 序号 | 登录号 | 条形码 | 馆藏地/架位号 | 状态 | 备注 |
| 1 | 879784 | 208797845 | 第一样本阅览室/ [索取号:D033.2/127] | 在馆 | |
| 2 | 879785 | 208797854 | 教育系资料室/ [索取号:D033.2/127] | 在馆 | |
| 3 | 879786 | 208797863 | 教育系资料室/ [索取号:D033.2/127] | 在馆 | |
| 4 | 879787 | 208797872 | 教育系资料室/ [索取号:D033.2/127] | 在馆 | |
| 5 | 879788 | 208797881 | 第一借阅区/ [索取号:D033.2/127] | 在馆 | |
| 6 | 879789 | 208797890 | 第一借阅区/ [索取号:D033.2/127] | 在馆 |